La ética de la redistribución

Gespeichert in:
Bibliographische Detailangaben
1. Verfasser: Jouvenel, Bertrand de (VerfasserIn)
Format: Buch
Sprache:Spanisch
Veröffentlicht: Buenos Aires Katz 2010
Ausgabe:1a. ed
Schriftenreihe:Conocimiento, 3065
Schlagworte:
Tags: Tag hinzufügen
Keine Tags, Fügen Sie den ersten Tag hinzu!

MARC

LEADER 00000cam a2200000 a 4500
001 UCE8880
003 CL-VaPUC
008 150911e20100000ag |||||||||||||||||spa|d
020 |a 9789871566198 
082 0 4 |a 320.6  |b JOU  |2 21 
100 |a Jouvenel, Bertrand de  |e author  |9 255706 
245 1 3 |a La ética de la redistribución 
250 |a 1a. ed 
300 |a 126 p 
942 |c BK 
945 |d 20150911 12:29:00  |a dcastane 
260 |a Buenos Aires  |b Katz  |c 2010 
650 7 |a ETICA ECONOMICA  |2 CL-VaPUC  |9 534981 
650 7 |a ETICA PUBLICA  |2 CL-VaPUC  |9 548840 
583 |a last modification  |c 20150911 12:29:00  |k Rodrigo Vera 
490 0 |a Conocimiento, 3065 
999 |c 360643  |d 360641 
952 |0 0  |1 0  |3 erb  |4 0  |6 320_600000000000000_JOU_2010  |7 0  |8 A  |9 470527  |a BIBEDU  |b BIBEDU  |i 5197708  |o 320.6 JOU 2010  |p 5197708  |r 2019-11-23  |w 2019-11-23  |y BK  |z Catalogado en:20150911  |k FIL 
952 |0 0  |1 0  |3 erb  |4 0  |6 320_600000000000000_JOU_2010  |7 0  |8 A  |9 470528  |a BIBEDU  |b BIBEDU  |i 5197716  |o 320.6 JOU 2010  |p 5197716  |r 2019-11-23  |w 2019-11-23  |y BK  |z Catalogado en:20150911  |k FIL